| 000 | 02422cam a22005774i 4500 | ||
|---|---|---|---|
| 003 | PE-LiUPU | ||
| 005 | 20250731165614.0 | ||
| 008 | 150706s r 000 0 d | ||
| 020 | _a9788471126306 | ||
| 035 | _a(Sirsi) i9788471126306 | ||
| 040 |
_aPE-LiUPU _bspa _cPE-LiUPU _erda |
||
| 049 | _aPRUA | ||
| 082 | 0 | 4 |
_a001.42 _bK97 _221 |
| 100 | 1 |
_aKvale, Steinar, _d1938- , _eautor. |
|
| 245 | 1 | 4 |
_aLas entrevistas en investigación cualitativa / _cSteiner Kvale ; traducido por Tomás del Amo y Carmen Blanco. |
| 264 | 1 |
_aMadrid : _bMorata, _c[2011] . |
|
| 300 |
_a198 páginas ; _c24 cm. |
||
| 336 |
_atext _2rdacontent |
||
| 337 |
_aunmediated _2rdamedia |
||
| 338 |
_avolume _2rdacarrier |
||
| 490 | 0 |
_aInvestigación cualitativa ; _v2 |
|
| 500 | _aTítulo original: Doing interviews. | ||
| 504 | _aIncluye bibliografía: p. [189]-193. | ||
| 505 | 0 | _aIntroducción a la investigación con entrevistas -- Problemas epistemológicos de la entrevista -- Problemas éticos de la entrevista -- Planificación de un estudio de entrevistas -- Realización de una entrevista -- Variaciones de la entrevista -- Calidad de la entrevista -- La transcripción de las entrevistas -- Análisis de las entrevistas -- Validación y generalización del conocimiento de entrevista -- El informe del conocimiento de entrevista -- Mejorando la calidad de la entrevista. | |
| 526 | _aSEG44 | ||
| 526 | _aSEG26 | ||
| 526 | _aP151 | ||
| 526 | _aP150 | ||
| 526 | _aP149 | ||
| 526 | _aP146 | ||
| 526 | _aP145 | ||
| 526 | _aP126 | ||
| 526 | _aP125 | ||
| 526 | _aP92 | ||
| 526 | _aP75 | ||
| 526 | _aP74 | ||
| 526 | _aP27 | ||
| 526 | _aP15 | ||
| 541 | _g030-0012554; | ||
| 650 | 0 | 4 | _aEntrevistas (Sociología). |
| 650 | 0 | 4 | _aInvestigación cualitativa. |
| 650 | 0 | 4 |
_aSociología _xInvestigación _xMetodología. |
| 700 | 1 |
_aAmo, Tomás del, _etr. |
|
| 700 | 1 |
_aBlanco, Carmen, _etr. |
|
| 910 |
_agl _cjck _d20120823 |
||
| 942 |
_2ddc _cBOOK |
||
| 949 |
_aPGE 001.42 K97 _wDEWEY _c1 _i65356 _lCCODEBUL1 _mBUL _p25.00 _r0 _sY _tBOOK _u2015-7-6 _xBIBLIOTECA _PP57 _o.STAFF. Colección General |
||
| 994 |
_aC0 _bPEPRU |
||
| 596 | _a1 | ||
| 999 |
_aPGE 001.42 K97 _wDEWEY _c53925 _i65356 _d53925 _e2018-8-31 _f2021-11-4 _g7 _lCCODEBUL1 _mBUL _n9 _p25.00 _q4 _r0 _sY _tBOOK _u2015-7-6 _xBIBLIOTECA _PP57 _0COMPRA _o.STAFF. Colección General |
||
| 980 |
_81 _gALBERTO SANCHEZ Responsable de Automatización |
||